• 首页
  • 本馆介绍
  • 公告通知
  • 最新文献
  • 馆藏检索
  • 电子资源
  • 读者导购
  • 参考咨询
  • 我的图书馆
  • 登录
  • 详细信息显示
  • 放入我的书架
  • 预约/预借图书
  • 作者相关作品
  • 分类相关作品
  • 丛书相关作品
  • 出版社相关作品

书目信息

  • 表格格式
  • 工作单格式
  • 卡片格式
题名:
与官员谈技术创新
    
 
作者: 冯之浚 , 张念椿 著
分册:  
出版信息: 南宁   广西人民出版社  2000.07
页数: 314页
开本: 32开
丛书名:
单 册:
中图分类: F062.4
科图分类:
主题词: 经济学--分支科学
电子资源:
ISBN: 7-219-04165-9
000 00605nam0 2200205 45
001 0205141480
005 20031219104055.6
010    @a7-219-04165-9@dCNY18.00
100    @a20020514d2000 km y0chiy0120 ea
101 0  @achi
105    @a z 000yy
200 1  @a与官员谈技术创新@AYu Guan Yuan Tan Ji Shu Chuang Xin@f冯之浚,张念椿著@FFeng Zhi Jun,Zhang Nian Chun Zhu
210    @a南宁@c广西人民出版社@d2000.07
215    @a314页@d32开
606 0  @a经济学@x分支科学
690    @aF062.4@v4
701    @a冯之浚@4著
701  0 @a张念椿@4著
801    @aCN@bTSTC@c20020514
905    @b310360-364@dF062.4@e16@f5
    
    与官员谈技术创新/冯之浚,张念椿著.-南宁:广西人民出版社,2000.07
    314页;32开
    
    
    ISBN 7-219-04165-9:CNY18.00
    
●
相关链接 在E读中查询图书 在五车中查询图书 在当当中查询图书 在豆瓣中查询图书


正题名:与官员谈技术创新     索取号:F062.4/16         预约/预借

序号 登录号 条形码 馆藏地/架位号 状态 备注
1 0310360   203103603   第一借阅区/ [索取号:F062.4/16] 在馆    
2 0310361   203103612   第一借阅区/ [索取号:F062.4/16] 在馆    
3 0310362   203103621   第一借阅区/ [索取号:F062.4/16] 在馆    
4 0310363   203103630   第一借阅区/ [索取号:F062.4/16] 在馆    
5 0310364   203103649   第一样本阅览室/ [索取号:F062.4/16] 在馆    
唐山师范学院图书馆 欢迎您!
大连网信软件有限公司© 版权所有